日本バンドYouTube登録者数ランキング - Statistics

General Stats
  • This quiz has been taken 23 times
  • The average score is 10 of 35
Answer Stats
Answer % Correct
1 Mrs. GREEN APPLE 5,430,000
80%
4 Official髭男dism 3,570,000
70%
9 back number 1,890,000
65%
11 BUMP OF CHICKEN 1,570,000
65%
7 King Gnu 2,790,000
60%
2 ONE OK ROCK 4,940,000
60%
10 Mr. Children 1,690,000
50%
8 SEKAI NO OWARI 2,090,000
50%
14 サザンオールスターズ 956,000
45%
6 RADWIMPS 3,330,000
45%
3 ヨルシカ 3,770,000
40%
12 サカナクション 1,110,000
35%
16 緑黄色社会 920,000
30%
28 マカロニえんぴつ 558,000
30%
26 ALEXANDROS 593,000
30%
18 Saucy Dog 855,000
30%
35 ゲスの極み乙女 430,000
25%
13 マキシマムザホルモン 999,000
20%
15 KANA-BOON 925,000
20%
22 Novelbright 717,000
20%
25 東京事変 636,000
15%
32 indigo la End 446,000
15%
27 MY FIRST STORY 560,000
15%
30 My Hair is Bad 473,000
15%
17 UVERworld 900,000
15%
29 ゴールデンボンバー 474,000
10%
33 スキマスイッチ 437,000
10%
21 女王蜂 733,000
5%
34 和楽器バンド 433,000
5%
5 BABYMETAL 3,460,000
5%
23 SPYAIR 642,000
5%
19 BAND-MAID 781,000
0%
31 BiSH 472,000
0%
20 FLOW 777,000
0%
24 SCANDAL 640,000
0%
No matching quizzes found
Score Distribution
Percent of People with Each Score
Percentile by Number Answered
Your Score History
You have not taken this quiz